|
|
|
|
| LEADER |
00000nab a2200000 a 4500 |
| 001 |
vtls000740293 |
| 003 |
SK-MaSNL |
| 005 |
20260303170343.0 |
| 008 |
150305c2000 xo 0 slo |
| 015 |
|
|
|a SNBRB2000/12-29769
|
| 035 |
|
|
|a CLN000092138
|
| 040 |
|
|
|a SNKBUCL
|b slo
|c SNKBUCL
|e AACR2
|
| 041 |
0 |
|
|a slo
|
| 044 |
|
|
|a xo
|c SK
|
| 080 |
|
|
|a 371.3:371.212:371.124:159.923
|2 1997
|
| 100 |
1 |
|
|a Ďuricová, Lenka,
|d 1976-
|4 aut
|9 199067
|
| 245 |
1 |
0 |
|a Vyučovanie zamerané na žiaka a tvorivé dimenzie osobnosti
|c Lenka Mazurová
|
| 504 |
|
|
|a Bibliogr. odkazy
|
| 650 |
0 |
7 |
|a vyučovanie
|x tvorivosť
|2 snkbucl
|9 1193485
|
| 650 |
0 |
7 |
|a žiaci
|x osobnosť
|2 snkbucl
|9 1193486
|
| 650 |
0 |
7 |
|a učitelia
|x osobnosť
|2 snkbucl
|9 903537
|
| 650 |
0 |
7 |
|a osobnosť
|2 snkbucl
|9 4341
|
| 655 |
|
7 |
|a články z novín a časopisov
|2 snkbucl
|9 267496
|
| 773 |
0 |
|
|t Pedagogické rozhľady
|g Roč. 9, č. 5 (2000), s. 18-20
|x 1335-0404
|
| 850 |
|
|
|a Slovenská národná knižnica v Martine
|
| 852 |
|
|
|a SNK
|b KIS3GCP
|
| 958 |
|
|
|a SK
|
| 992 |
|
|
|a RBX
|
| 999 |
|
|
|c 2076623
|d 2078553
|